|
|
|
|
| LEADER |
00000nab a2200000uu 4500 |
| 001 |
vtls011506525 |
| 003 |
SK-MaSNL |
| 005 |
20260304030237.0 |
| 008 |
250310|1971 xo |||||||||||||||||slo| |
| 015 |
|
|
|a SNBRB
|
| 035 |
|
|
|a (urnnbn)urn:nbn:sk:snk:ar-a0aw04
|
| 035 |
|
|
|a (uuid)9bf94757-da2d-46e3-a9e8-ea2d71699641
|
| 035 |
|
|
|a urn:nbn:sk:snk-abdzot
|
| 040 |
|
|
|a SNKBUCL
|b slo
|c SNKBUCL
|e AACR2
|
| 041 |
0 |
|
|a slo
|
| 044 |
|
|
|a xo
|c SK
|
| 100 |
1 |
|
|a Rollo, Dušan
|4 aut
|9 1308391
|
| 245 |
1 |
0 |
|a BIB' 71 /rozhovor s generálnym sekretárom BIB dr. Dušanom Rollom/
|c Dušan Rollo, Peter Čačko
|
| 700 |
1 |
|
|a Čačko, Peter,
|d 1936-2021
|4 aut
|9 217969
|
| 773 |
0 |
|
|t Zlatý máj : kritická revue tvorby pro mládež
|g Roč. 15, č. 6 (1971), s. 375-376
|
| 958 |
|
|
|a OND
|
| 958 |
|
|
|a article20
|
| 999 |
|
|
|c 2632872
|d 2634802
|